000 00370nam a22001577a 4500
003 OSt
008 260325b |||||||| |||| 00| 0 eng d
020 _a9789364480086
082 _a294.59218 SHI
100 _aSHANKARBHASHARYA
245 _aIshadi non Upnishad
250 _a26th Rep
260 _aGorakhpur
_bGeeta Press
_c2020
300 _a1360p
942 _2ddc
_cREF
999 _c13896
_d13896